000 00335nam a2200145Ia 4500
008 200103s9999||||xx |||||||||||||| ||und||
020 _a9788171670406
040 _aIMU-MPC
082 _aColumn-64
100 _amathur, Anurag
245 4 _aThe Inscrutable Americans
260 _bRupa Company
_c2003
300 _a247
942 _cBK
999 _c11462
_d11462